| 000 | 00757pam a2200241 a 4500 | ||
|---|---|---|---|
| 001 | 1950854 | ||
| 003 | OSt | ||
| 005 | 20240618110819.0 | ||
| 008 | 871009s1988 njua 001 0 eng | ||
| 010 | _a 87030429 | ||
| 020 |
_a0132582600 : _c$27.00 (est.) |
||
| 040 |
_aDLC _cMUST _dDLC |
||
| 082 | 0 | 0 | _a512.5 EDW 1988 |
| 100 | 1 |
_aEdwards, C. Henry _q(Charles Henry), _d1937- _9766 |
|
| 245 | 1 | 0 |
_aElementary linear algebra / _cC.H. Edwards, Jr., David E. Penney. |
| 260 |
_aEnglewood Cliffs, N.J. : _bPrentice Hall, _c1988. |
||
| 300 |
_axii, 442 p. : _bill. ; _c25 cm. |
||
| 500 | _aIncludes index. | ||
| 650 | 0 |
_aAlgebras, Linear. _95247 |
|
| 700 | 1 |
_aPenney, David E. _9765 |
|
| 906 |
_a7 _bcbc _corignew _d1 _eocip _f19 _gy-gencatlg |
||
| 942 |
_2ddc _cO_SHELF |
||
| 999 |
_c8601 _d8601 |
||